000 00508nam a22001937a 4500
003 KOHA_MİRAKIL
005 20250414162625.0
008 250414b tu ||||| |||| 00| 0 tur d
020 _a9789751403551
040 _aTR-AnABB
_btur
_cTR-AnABB
041 _atur
082 _a131
_bBAL 2006
100 1 _aBaltaş, Acar,
245 1 0 _aÜstün başarı /
_cAcar Baltaş
260 _aİstanbul :
_bRemzi Kitabevi,
_c2006
300 _a254 sayfa ;
_c20 cm
650 0 4 _aPsikoloji
942 _2ddc
_cBK
999 _c8678
_d8678
900 _bGizem YORULMAZ